Score 0/16 Timer 04:00
1 Play Today
% Correct
Richard Nixon
98.5%
Dick Van Dyke
91.6%
Dick Cheney
87.3%
Richard Simmons
86.6%
Richard Pryor
86.2%
Dick Clark
84.5%
Richard Taylor
82.3%
Richard Petty
73.4%
% Correct
Richard J. Daley
73.2%
Richard E. Byrd
60.8%
Richard Howe
53.4%
Richard Feynman
53.2%
Richard DeVos
50.2%
Dick Lugar
41.9%
Dick Armey
41.1%
Richard Rush
35.8%
Remove Ads.
Support Sporcle.
Get the best of Sporcle when you Go Orange. This ad-free experience offers more features, more stats, and more fun while also helping to support Sporcle. Thank you for becoming a member.

You're not logged in!

Compare scores with friends on all Sporcle quizzes.
OR
Log In

Show Comments

Extras

Top Quizzes Today


Score Distribution

Your Account Isn't Verified!

In order to create a playlist on Sporcle, you need to verify the email address you used during registration. Go to your Sporcle Settings to finish the process.

Report this User

Report this user for behavior that violates our Community Guidelines.

Details: